| 000 | 00000nam 2200000za 4500 |
| 001 | 9.687268 |
| 003 | CaOODSP |
| 005 | 20210624230912 |
| 007 | cr ||||||||||| |
| 008 | 150407s2003 onc|||||o f|0| 0 eng d |
| 040 | |aCaOODSP|beng |
| 043 | |an-cn--- |
| 086 | 1 |aM92-192/2003E-PDF |
| 110 | 1 |aCanada.|bNatural Resources Canada. |bOffice of Energy Efficiency. |
| 245 | 10|aAir-leakage control |h[electronic resource]. |
| 260 | |aOttawa : |bNatural Resources Canada, |c2003. |
| 300 | |a12 p. : |billus. |
| 500 | |a"EnerGuide for Houses." The catalogue number (M92-192/2003E) and the ISBN (0-662-33036-6) assigned to other editions have been incorrectly printed in the PDF version of the current edition. |
| 520 | 3 |aThis fact sheet is intended to provide you with a general introduction to air-leakage control. |
| 590 | |a04-51|b2004-12-17 |
| 690 | 07|aEnergy efficiency|2gcpds |
| 775 | 08|tLa réduction des fuites d'air |w(CaOODSP)9.631723 |
| 776 | 0#|tAir-leakage control |w(CaOODSP)9.649520 |
| 794 | |tAir-leakage control |w(CaOODSP)9.687372 |
| 856 | 40|ahttp://publications.gc.ca|qPDF|s298 KB|uhttps://publications.gc.ca/collections/Collection/M92-192-2003E.pdf |